[Event "SERBIA OPEN 2023 - MASTERS СРБИЈА"]
[Site "Belgrade, "]
[Date "2023.07.16"]
[Round "1.105"]
[White "Stefan, Iulia-Cristiana"]
[Black "Stefanovic, Bosko"]
[Result "1/2-1/2"]
[WhiteElo "1679"]
[BlackElo "2039"]
[PlyCount "63"]
[EventDate "2023.07.16"]

1. d4 Nf6 2. Bf4 g6 3. Nf3 Bg7 4. Nbd2 d6 5. c3 O-O 6. e4 Nbd7 7. Be2 Re8 8. O-O e5 9. dxe5 dxe5 10. Bg3 b6 11. Qc2 Bb7 12. Rfe1 h6 13. Bf1 Qe7 14. b4 Nh5 15. Nc4 Nxg3 16. hxg3 Rad8 17. a4 a6 18. Rad1 Nf8 19. Ne3 Rxd1 20. Rxd1 Rd8 21. Rxd8 Qxd8 22. Bc4 c6 23. Ng4 Qe7 24. Qd2 b5 25. axb5 axb5 26. Bb3 Kh7 27. Qa2 Bc8 28. Ne3 Be6 29. Bxe6 Qxe6 30. Qxe6 Nxe6 31. c4 bxc4 32. Nxc4 {Unreadable} 1/2-1/2

[Event "SERBIA OPEN 2023 - MASTERS СРБИЈА ОПЕН 2023 - МАСТЕРС"]
[Site "Belgrade, "]
[Date "2023.07.16"]
[Round "1.106"]
[White "Celik, Ali Alper"]
[Black "Demirkol, Kerim Calvelo"]
[Result "1-0"]
[WhiteElo "2038"]
[BlackElo "1673"]
[PlyCount "87"]
[EventDate "2023.07.16"]

1. e4 c6 2. d4 d5 3. Nc3 dxe4 4. Nxe4 Nf6 5. Nxf6+ exf6 6. Be3 Bd6 7. Bd3 O-O 8. Ne2 Nd7 9. O-O Re8 10. c4 Nf8 11. Qc2 Be6 12. Rfd1 g6 13. c5 Bc7 14. b4 a6 15. a4 Qb8 16. h3 f5 17. Qd2 b5 18. axb5 axb5 19. Rxa8 Qxa8 20. Bf4 Re7 21. Bxc7 Rxc7 22. Nf4 Qa4 23. Be2 Bb3 24. Rb1 Ne6 25. Nxe6 fxe6 26. Qf4 Rc8 27. Bf3 Bc4 28. Qd6 Qa7 29. d5 Qf7 30. dxc6 Qe8 31. c7 Bd5 32. Bxd5 exd5 33. Qxd5+ Kg7 34. Qd6 Qf7 35. Qb6 Rxc7 36. Qxb5 Qd5 37. Qa5 Rb7 38. Qa6 Qe4 39. Qa1+ Kh6 40. b5 Qc4 41. c6 Rxb5 42. Rxb5 Qxb5 43. Qc1+ Kg7 44. c7 1-0

[Event "SERBIA OPEN 2023 - MASTERS СРБИЈА ОПЕН 2023 - МАСТЕРС"]
[Site "Belgrade, "]
[Date "2023.07.16"]
[Round "1.107"]
[White "Medic, Relja"]
[Black "Stojkovic, Nenad P"]
[Result "1/2-1/2"]
[WhiteElo "1665"]
[BlackElo "2037"]
[PlyCount "68"]
[EventDate "2023.07.16"]

1. Nf3 d5 2. d4 Nf6 3. c4 c6 4. e3 e6 5. Nc3 Nbd7 6. Qc2 Bd6 7. Bd3 dxc4 8. Bxc4 b5 9. Be2 a6 10. O-O O-O 11. Rd1 Qe7 12. e4 e5 13. a3 Bb7 14. dxe5 Nxe5 15. Nd4 Bb8 16. Nf5 Qe6 17. Be3 Neg4 18. Bxg4 Nxg4 19. Bc5 Re8 20. Bd6 Ba7 21. Bg3 Bc5 22. b4 Bf8 23. Bd6 Rad8 24. Bxf8 Rxf8 25. Rxd8 Rxd8 26. Rd1 Re8 27. Ne2 g6 28. Nfg3 Ne5 29. Nd4 Qc4 30. Qxc4 Nxc4 31. Nc2 Bc8 32. Ne2 f5 33. Ned4 fxe4 34. Nxc6 Bb7 1/2-1/2

[Event "SERBIA OPEN 2023 - MASTERS СРБИЈА ОПЕН 2023 - МАСТЕРС"]
[Site "Belgrade, "]
[Date "2023.07.16"]
[Round "1.108"]
[White "Garabetyan, Arno"]
[Black "Yessengali, Adizhan"]
[Result "1-0"]
[WhiteElo "2035"]
[BlackElo "1663"]
[PlyCount "97"]
[EventDate "2023.07.16"]

1. d4 d5 2. c4 e6 3. Nf3 a6 4. cxd5 exd5 5. Bf4 Bd6 6. Bxd6 Qxd6 7. Nc3 Nf6 8. e3 Bg4 9. Be2 Nbd7 10. O-O O-O 11. a3 c5 12. dxc5 Nxc5 13. Nd4 Be6 14. Rc1 Rac8 15. Bd3 Rfd8 16. Bb1 Nce4 17. Nce2 Qe5 18. Nf4 Rxc1 19. Qxc1 Rc8 20. Qe1 Bd7 21. Qe2 Nd6 22. h3 g6 23. Nf3 Qe8 24. Qd2 Nde4 25. Qd4 Rc4 26. Qb6 Bc6 27. Ba2 Rc5 28. Nd4 Nd7 29. Qb4 a5 30. Qe1 Bb5 31. Nxb5 Rxb5 32. Qe2 Ndf6 33. Rd1 Qc6 34. Nd3 Qb6 35. Rc1 Nc5 36. Rxc5 Rxc5 37. Nxc5 Qxc5 38. Qd2 Kf8 39. b4 axb4 40. axb4 Qc6 41. Qd1 Ke7 42. g3 Ke6 43. e4 h5 44. Bb3 g5 45. Kg2 g4 46. hxg4 hxg4 47. exd5+ Nxd5 48. Qxg4+ Kd6 49. Qd4 1-0

[Event "SERBIA OPEN 2023 - MASTERS СРБИЈА ОПЕН 2023 - МАСТЕРС"]
[Site "Belgrade, "]
[Date "2023.07.16"]
[Round "1.109"]
[White "Enkhrii, Enkh-Amgalan"]
[Black "Srdanovic, Jovana"]
[Result "0-1"]
[WhiteElo "1646"]
[BlackElo "2032"]
[PlyCount "108"]
[EventDate "2023.07.16"]

1. e4 c5 2. Nf3 Nf6 3. Nc3 d5 4. e5 Nfd7 5. d4 e6 6. Ne2 cxd4 7. Nexd4 Nc6 8. Bf4 Qb6 9. c3 a6 10. Qd2 h6 11. h4 Nc5 12. Be2 Bd7 13. Qc2 Rc8 14. a4 Ne4 15. Bd3 Nb4 16. Qb1 Nxd3+ 17. Qxd3 Qxb2 18. O-O Rxc3 19. Qb1 Qxb1 20. Rfxb1 Rc7 21. Nf5 Nc3 22. Nd6+ Bxd6 23. exd6 Rc8 24. Rxb7 Ne2+ 25. Kf1 Nxf4 26. Ne5 Rd8 27. Rc1 Ng6 28. Nxd7 Rxd7 29. Rc8+ Rd8 30. Rxd8+ Kxd8 31. h5 Nf8 32. Ra7 g6 33. Rxf7 gxh5 34. Ra7 Kc8 35. Rc7+ Kb8 36. Re7 Kc8 37. Rc7+ Kd8 38. Ra7 Ng6 39. g3 Re8 40. Rh7 Ne5 41. Ra7 Nc4 42. Rxa6 Kd7 43. Ra7+ Kxd6 44. Rh7 Rf8 45. Rxh6 Rf5 46. Ke2 d4 47. f4 Rd5 48. Kd3 Nb2+ 49. Kd2 d3 50. Rh8 Nc4+ 51. Kd1 Kc7 52. Rh7+ Kb6 53. Rh6 d2 54. Rxe6+ Kc5 0-1

[Event "SERBIA OPEN 2023 - MASTERS СРБИЈА ОПЕН 2023 - МАСТЕРС"]
[Site "Belgrade, "]
[Date "2023.07.16"]
[Round "1.110"]
[White "Kuru, Atilla"]
[Black "Barkasheva, Sofia"]
[Result "1/2-1/2"]
[WhiteElo "2030"]
[BlackElo "1636"]
[Annotator "Vladimir,Tasic"]
[PlyCount "46"]
[EventDate "2023.07.16"]

1. d4 d5 2. Nf3 c6 3. Bf4 Nf6 4. e3 e6 5. Bd3 Nbd7 6. Nbd2 Be7 7. h3 c5 8. c3 b6 9. Ne5 Nxe5 10. dxe5 Nd7 11. Qg4 g6 12. h4 h5 13. Qg3 Nf8 14. Rd1 Bd7 15. Nf3 Qc7 16. Bg5 Bc6 17. Bxe7 Qxe7 18. Qf4 Nh7 19. Ng5 Nxg5 20. hxg5 O-O-O 21. f3 Kb8 22. a3 c4 23. Bc2 Qc5 {Error in writing} 1/2-1/2

[Event "SERBIA OPEN 2023 - MASTERS СРБИЈА ОПЕН 2023 - МАСТЕРС"]
[Site "Belgrade, "]
[Date "2023.07.16"]
[Round "1.111"]
[White "Sakotic, Nikola"]
[Black "Vershinin, Igor"]
[Result "0-1"]
[WhiteElo "1631"]
[BlackElo "2027"]
[PlyCount "30"]
[EventDate "2023.07.16"]

1. d4 d5 2. c4 e6 3. Nc3 c6 4. Nf3 dxc4 5. a4 Bb4 6. e3 b5 7. axb5 cxb5 8. Ne5 Bb7 9. Bd2 Bxc3 10. Bxc3 a6 11. Qg4 Kf8 12. Qf4 Nf6 13. Rg1 Nc6 14. Nxc6 Bxc6 15. Ra5 Nd5 0-1

[Event "SERBIA OPEN 2023 - MASTERS СРБИЈА ОПЕН 2023 - МАСТЕРС"]
[Site "Belgrade, "]
[Date "2023.07.16"]
[Round "1.112"]
[White "Yilmaz, Baver"]
[Black "Pogodin, Nikolay"]
[Result "1/2-1/2"]
[WhiteElo "2023"]
[BlackElo "1574"]
[PlyCount "120"]
[EventDate "2023.07.16"]

1. e4 c6 2. d4 d5 3. Nc3 dxe4 4. Nxe4 Bf5 5. Ng3 Bg6 6. h4 h6 7. Nf3 Nf6 8. h5 Bh7 9. Bd3 Bxd3 10. Qxd3 e6 11. Bd2 Bd6 12. Ne4 Nxe4 13. Qxe4 Nd7 14. O-O-O Qc7 15. g3 O-O-O 16. c4 c5 17. Bc3 Nf6 18. Qe2 cxd4 19. Nxd4 a6 20. Nb3 Qe7 21. c5 Bc7 22. c6 b5 23. Kb1 Rxd1+ 24. Rxd1 Rd8 25. Rxd8+ Qxd8 26. a4 Qd5 27. Nd4 Bb6 28. Nc2 Qxc6 29. Nb4 Qc4 30. Qe5 Qe4+ 31. Qxe4 Nxe4 32. Bxg7 Bxf2 33. g4 Be3 34. a5 Kb7 35. Nd3 f5 36. gxf5 exf5 37. Be5 Nc5 38. Nb4 Nb3 39. Nd5 Bg5 40. Bc3 Bd2 41. Bxd2 Nxd2+ 42. Kc2 Nf1 43. Ne7 Ng3 44. Kd3 f4 45. Ng8 Nxh5 46. Nxh6 Kc6 47. Kd4 Ng3 48. Nf7 Ne2+ 49. Kd3 Ng3 50. Kd4 Nf5+ 51. Kd3 b4 52. Ne5+ Kb5 53. Ke4 Nd6+ 54. Kxf4 Nc4 55. Nd3 Kxa5 56. Ke4 Kb5 57. Kd4 a5 58. b3 Nd6 59. Nb2 Nb7 60. Nd3 Nd8 1/2-1/2

[Event "SERBIA OPEN 2023 - MASTERS СРБИЈА ОПЕН 2023 - МАСТЕРС"]
[Site "Belgrade, "]
[Date "2023.07.16"]
[Round "1.114"]
[White "Kulnev, Aleksandr"]
[Black "Orujov, Hasan"]
[Result "1-0"]
[WhiteElo "2017"]
[BlackElo "1498"]
[PlyCount "117"]
[EventDate "2023.07.16"]

1. d4 Nf6 2. c4 e6 3. Nf3 d5 4. g3 dxc4 5. Bg2 c5 6. O-O Nc6 7. dxc5 Qxd1 8. Rxd1 Bxc5 9. Nbd2 c3 10. bxc3 O-O 11. Nb3 Be7 12. Bb2 Bd7 13. c4 Rac8 14. Rac1 Be8 15. Nfd4 Nxd4 16. Nxd4 Rc7 17. Nb5 Bxb5 18. cxb5 Rfc8 19. Bxb7 Rxc1 20. Rxc1 Rxc1+ 21. Bxc1 Bc5 22. a4 Ng4 23. e3 Ne5 24. Bb2 Nc4 25. Bc3 Bb6 26. Kf1 Kf8 27. Ke2 f6 28. Be4 h6 29. Bb1 Na5 30. Bd4 Ke7 31. Kd3 Nb3 32. Bc3 g5 33. Bb4+ Kd7 34. Kc3 Na5 35. g4 Nb7 36. Be4 Nd6 37. Bc6+ Ke7 38. a5 Bc7 39. Kb3 Kd8 40. b6 axb6 41. axb6 Bb8 42. Ka4 Nc8 43. Ba5 Ke7 44. h3 f5 45. Bb4+ Nd6 46. Ka5 Kd8 47. Ka6 Kc8 48. Ba5 fxg4 49. b7+ Nxb7 50. Bxb7+ Kd7 51. hxg4 Bh2 52. Kb5 Bg1 53. Be1 Ke7 54. Bf3 Kd6 55. Kc4 Ke5 56. Kd3 Kf6 57. Ke4 Ke7 58. Bd1 Kf6 59. Bc3+ 1-0

[Event "SERBIA OPEN 2023 - MASTERS СРБИЈА ОПЕН 2023 - МАСТЕРС"]
[Site "Belgrade, "]
[Date "2023.07.16"]
[Round "1.115"]
[White "Vignesh, B."]
[Black "Grigorieva, Sofia"]
[Result "1-0"]
[WhiteElo "2197"]
[BlackElo "1496"]
[PlyCount "113"]
[EventDate "2023.07.16"]

1. e4 e6 2. Qe2 c5 3. Nf3 b6 4. g3 Ba6 5. d3 Nc6 6. Bg2 Nge7 7. O-O g6 8. h4 h5 9. Rd1 Bg7 10. c3 O-O 11. Bg5 Qc7 12. Na3 d5 13. Qe1 Rfe8 14. Nc2 Bb7 15. Rac1 Rad8 16. exd5 exd5 17. d4 c4 18. Qd2 f6 19. Bf4 Qd7 20. Re1 Nf5 21. Bh3 Bc8 22. Rxe8+ Rxe8 23. Ne3 Nce7 24. Re1 Qc6 25. Bg2 Bd7 26. Nc2 a5 27. Nh2 Kh7 28. Nf1 Bh6 29. Bxh6 Nxh6 30. Qf4 Nhf5 31. Nfe3 Kg7 32. Qf3 Nxe3 33. Nxe3 b5 34. Nxd5 Nxd5 35. Rxe8 Bxe8 36. Qxd5 Qxd5 37. Bxd5 Kf8 38. a4 b4 39. Bxc4 Bxa4 40. Kf1 bxc3 41. bxc3 Be8 42. Ke2 Ke7 43. Kd2 Kd6 44. Kc2 Kc6 45. Kb3 Kb6 46. Ka3 Kc6 47. Bb3 Kd6 48. c4 g5 49. c5+ Kc7 50. d5 gxh4 51. gxh4 Bb5 52. Bd1 Be8 53. Ba4 Bf7 54. Bc6 Bg6 55. Ka4 Bf5 56. Kxa5 Bd3 57. Kb4 1-0